Score 0/20 Timer 02:00
1 Play Today
Nickelodeon TV Show Missing Word % Correct
SpongeBob ___SquarePants
97.1%
Are You Afraid of the ___?Dark
90.7%
___ OddParentsFairly
90.6%
The ___ ThornberrysWild
83.2%
Drake & ___Josh
82.5%
The Ren & ___ ShowStimpy
78.2%
Rocko's ___ LifeModern
73.1%
___ & KelKenan
70.9%
___: The Last AirbenderAvatar
70.6%
The ___ BeaversAngry
63.4%
Nickelodeon TV Show Missing Word % Correct
___ DareDouble
63.2%
Legends of the Hidden ___Temple
58.2%
___ ZimInvader
56.4%
___ Explains It AllClarissa
55%
My Life as a Teenage ___Robot
41.5%
___ Your ShortsSalute
33.8%
The ___ World of Alex MackSecret
31.3%
Eureeka's ___Castle
26.6%
The Adventures of ___ & ___Pete
26.3%
___ SkeeterCousin
19.8%

Today's Daily Dose

Remove Ads.
Support Sporcle.
Get the best of Sporcle when you Go Orange. This ad-free experience offers more features, more stats, and more fun while also helping to support Sporcle. Thank you for becoming a member.

You're not logged in!

Compare scores with friends on all Sporcle quizzes.
OR
Log In

Show Comments

Extras

Top Quizzes Today


Score Distribution

Your Account Isn't Verified!

In order to create a playlist on Sporcle, you need to verify the email address you used during registration. Go to your Sporcle Settings to finish the process.

Report this User

Report this user for behavior that violates our Community Guidelines.

Details: